[Event "41. Torneo Internacional de La Roda"]
[Site "La Roda ESP"]
[Date "2014.04.18"]
[Round "4.10"]
[White "Valmana Canto, Jaime"]
[Black "Campora, Daniel H"]
[Result "1-0"]
[WhiteElo "2310"]
[BlackElo "2458"]
[PlyCount "109"]
[EventDate "2014.04.16"]
[EventType "swiss"]
[EventRounds "9"]
[EventCountry "ESP"]
[Source "lmi"]
[SourceDate "2014.04.16"]

1. d4 Nf6 2. c4 e6 3. Nc3 d5 4. cxd5 exd5 5. Bg5 Nbd7 6. e3 c6 7. Bd3 Bd6 8.
Qc2 h6 9. Bh4 a6 10. Nge2 O-O 11. f3 Qa5 12. g4 Re8 13. Bf2 c5 14. h4 cxd4 15.
exd4 Bf4 16. Kf1 Qc7 17. Kg2 Nf8 18. Nxf4 Qxf4 19. Ne2 Qd6 20. Bg3 Qb6 21. Bc7
Qc6 22. Qxc6 bxc6 23. Rac1 Bb7 24. Be5 N6d7 25. Bd6 a5 26. Nf4 Ne6 27. Nxe6
Rxe6 28. Ba3 Rae8 29. Kf2 Nb6 30. b3 Ra8 31. Bf5 Ree8 32. Bc5 g6 33. Bxb6 gxf5
34. gxf5 Kg7 35. Kg3 a4 36. Kf4 axb3 37. axb3 Rg8 38. Bc7 f6 39. Rhe1 Kf7 40.
Re6 Rae8 41. Rd6 h5 42. Ra1 Ra8 43. Re1 Bc8 44. Bd8 Ra7 45. Rxf6+ Kg7 46. Rg1+
Kh7 47. Rxg8 Kxg8 48. Rxc6 Bd7 49. Rc7 Rxc7 50. Bxc7 Kf7 51. Ke5 Bc6 52. Kd6
Bb7 53. Bd8 Ke8 54. Bg5 Ba6 55. b4 1-0

[Event "41. Torneo Internacional de La Roda"]
[Site "La Roda ESP"]
[Date "2014.04.18"]
[Round "4.11"]
[White "Paunovic, Dragan"]
[Black "Moreno Ibanez, Miguel"]
[Result "1-0"]
[WhiteElo "2497"]
[BlackElo "2180"]
[PlyCount "117"]
[EventDate "2014.04.16"]
[EventType "swiss"]
[EventRounds "9"]
[EventCountry "ESP"]
[Source "lmi"]
[SourceDate "2014.04.16"]

1. Nf3 g6 2. g3 Bg7 3. d4 f5 4. Bg2 Nf6 5. O-O O-O 6. c4 d6 7. Qb3 c6 8. Nc3
Na6 9. Rd1 Kh8 10. Qa3 Be6 11. d5 cxd5 12. cxd5 Bg8 13. Be3 Qd7 14. Bd4 Nc7 15.
Bxf6 Bxf6 16. Nd4 a5 17. Qb3 b5 18. a4 b4 19. Ncb5 Na6 20. Qe3 Nc5 21. b3 Qb7
22. Rab1 Ne4 23. Bxe4 fxe4 24. Nc6 Bxd5 25. Rxd5 Qxc6 26. Qxe4 Qb6 27. e3 Rac8
28. Rdd1 Qc6 29. Qxc6 Rxc6 30. Rd2 Rfc8 31. Kg2 Rc1 32. Rxc1 Rxc1 33. Rd5 Rb1
34. Nd4 Bxd4 35. exd4 Rxb3 36. Rxa5 Ra3 37. Ra7 b3 38. Rxe7 Rxa4 39. Rb7 Rxd4
40. Rxb3 Kg7 41. Rb7+ Kh6 42. h4 d5 43. Rd7 Ra4 44. f3 Ra2+ 45. Kh3 Rf2 46. Rf7
d4 47. g4 g5 48. Rf6+ Kg7 49. hxg5 Ra2 50. Rd6 Ra5 51. f4 Ra3+ 52. Kh4 Rd3 53.
f5 Rd1 54. g6 h6 55. Rd7+ Kf8 56. g7+ Kg8 57. f6 Rh1+ 58. Kg3 Rg1+ 59. Kh3 1-0

[Event "41. Torneo Internacional de La Roda"]
[Site "La Roda ESP"]
[Date "2014.04.18"]
[Round "4.12"]
[White "Pena Riasco, Alexander"]
[Black "Maiorov, Nikita"]
[Result "0-1"]
[WhiteElo "2231"]
[BlackElo "2522"]
[PlyCount "90"]
[EventDate "2014.04.16"]
[EventType "swiss"]
[EventRounds "9"]
[EventCountry "ESP"]
[Source "lmi"]
[SourceDate "2014.04.16"]

1. e4 e5 2. Nf3 Nc6 3. Bb5 a6 4. Ba4 Nf6 5. d3 d6 6. O-O Be7 7. Nc3 O-O 8. Qe2
b5 9. Bb3 Na5 10. Bd2 c6 11. h3 Qc7 12. Nd1 Ne8 13. Ne3 g6 14. Bxa5 Qxa5 15. a4
b4 16. d4 exd4 17. Nxd4 Bb7 18. Rad1 Bf6 19. Nc4 Qc5 20. Qd3 d5 21. exd5 cxd5
22. Ne3 Nc7 23. Rfe1 Rae8 24. c3 Ne6 25. Ng4 Bg7 26. Qf3 Nxd4 27. cxd4 Rxe1+
28. Rxe1 Qxd4 29. Re7 Ba8 30. Qe2 h5 31. Ne3 Qc5 32. Rd7 Bc6 33. Rc7 Be5 34.
Rxc6 Qxc6 35. Bxd5 Qc1+ 36. Nf1 Qxb2 37. Qxa6 Kg7 38. Qd3 Bd4 39. Qf3 Qc3 40.
Qf4 Be5 41. Qe4 Re8 42. Qb1 Bd4 43. Qa2 Re1 44. Bc4 Rc1 45. Bb3 Qd3 0-1

[Event "41. Torneo Internacional de La Roda"]
[Site "La Roda ESP"]
[Date "2014.04.18"]
[Round "4.13"]
[White "Barria Zuniga, Daniel"]
[Black "Martinez Lopez, David"]
[Result "1/2-1/2"]
[WhiteElo "2452"]
[BlackElo "2229"]
[PlyCount "108"]
[EventDate "2014.04.16"]
[EventType "swiss"]
[EventRounds "9"]
[EventCountry "ESP"]
[Source "lmi"]
[SourceDate "2014.04.16"]

1. Nf3 Nf6 2. c4 b6 3. g3 Bb7 4. Bg2 e6 5. Nc3 Be7 6. d4 Ne4 7. Bd2 Bf6 8. Qc2
Nxd2 9. Qxd2 O-O 10. e4 d6 11. O-O Nd7 12. Rad1 g6 13. Rfe1 Bg7 14. h4 h6 15.
Nh2 Qe7 16. Ng4 h5 17. Ne3 Rad8 18. f4 c5 19. d5 Bd4 20. Nb5 e5 21. Nxd4 cxd4
22. Nf1 a5 23. Nh2 Ra8 24. f5 Kg7 25. Rf1 Nf6 26. Qg5 Rae8 27. Rf2 Ng8 28. Qd2
Bc8 29. Bh3 f6 30. g4 gxf5 31. gxf5 Kh8 32. Nf1 Rf7 33. Ng3 Rh7 34. Kh2 Rf8 35.
Rg1 Bd7 36. Rfg2 Be8 37. Ne2 Nh6 38. Nc1 Rg8 39. Nd3 Rxg2+ 40. Rxg2 Ng8 41. Rg3
Rg7 42. Rxg7 Qxg7 43. Nf2 Nh6 44. b3 Kh7 45. Qd1 Qc7 46. Bf1 a4 47. b4 Qc8 48.
a3 Qc7 49. Be2 Qc8 50. Qa1 Bd7 51. Qg1 Be8 52. Qd1 Bd7 53. Qg1 Be8 54. Qd1 Bd7
1/2-1/2

[Event "41. Torneo Internacional de La Roda"]
[Site "La Roda ESP"]
[Date "2014.04.18"]
[Round "4.14"]
[White "Antoli Royo, Joaquin Miguel"]
[Black "Banegas Gomez, Ricard"]
[Result "1-0"]
[WhiteElo "2410"]
[BlackElo "2072"]
[PlyCount "155"]
[EventDate "2014.04.16"]
[EventType "swiss"]
[EventRounds "9"]
[EventCountry "ESP"]
[Source "lmi"]
[SourceDate "2014.04.16"]

1. e4 c5 2. Nf3 d6 3. c3 Nf6 4. Be2 Bd7 5. d3 g6 6. O-O Bg7 7. Re1 O-O 8. Bf1
Bc6 9. Nbd2 Nbd7 10. d4 cxd4 11. cxd4 Nb6 12. a4 a5 13. Qb3 e6 14. Bd3 Qc7 15.
Nb1 d5 16. e5 Ne4 17. Nfd2 Rfc8 18. Bxe4 dxe4 19. Nc3 Rd8 20. Nc4 Nxc4 21. Qxc4
Qb6 22. Rd1 Rac8 23. Bg5 Re8 24. Qe2 h6 25. Be3 Qb4 26. Rd2 Bd5 27. Qg4 Rc4 28.
h4 Rec8 29. Kh2 Bc6 30. Qf4 Qe7 31. Qg4 Kh7 32. h5 gxh5 33. Qxh5 Rg8 34. Rh1
Bf8 35. Kg1 Rg6 36. Rh4 Bg7 37. Rg4 Bd5 38. Rd1 Rb4 39. Rd2 Rc4 40. Rh4 Bc6 41.
Kh2 Bd5 42. Rh3 Bc6 43. Qe2 Rb4 44. Qd1 Bd5 45. Qh5 Rc4 46. Ne2 Rxa4 47. Nf4
Rc4 48. Nxg6 fxg6 49. Qg4 Rc8 50. f3 h5 51. fxe4 Bc6 52. Rf2 Be8 53. Qf4 Bc6
54. Qh4 Qxh4 55. Rxh4 Kg8 56. g4 hxg4 57. Rxg4 Be8 58. Rg1 b5 59. Rc1 Rxc1 60.
Bxc1 Bc6 61. Re2 Kf7 62. Kg3 b4 63. Kf3 Ke7 64. Rc2 Kd7 65. Rg2 a4 66. Rxg6 Bf8
67. Bh6 Be7 68. Bg5 Bxg5 69. Rxg5 Bb5 70. d5 exd5 71. exd5 Bc4 72. Rg7+ Kc8 73.
Ke4 a3 74. bxa3 bxa3 75. Kd4 Bb3 76. Ra7 a2 77. d6 Be6 78. Kc3 1-0

[Event "41. Torneo Internacional de La Roda"]
[Site "La Roda ESP"]
[Date "2014.04.18"]
[Round "4.15"]
[White "Krug Cortegoso, Rodolfo Martin"]
[Black "Suba, Mihai"]
[Result "0-1"]
[WhiteElo "2178"]
[BlackElo "2401"]
[PlyCount "50"]
[EventDate "2014.04.16"]
[EventType "swiss"]
[EventRounds "9"]
[EventCountry "ESP"]
[Source "lmi"]
[SourceDate "2014.04.16"]

1. Nf3 Nf6 2. c4 c5 3. Nc3 e6 4. g3 b6 5. Bg2 Bb7 6. O-O Be7 7. Re1 d6 8. e4
Nbd7 9. d4 cxd4 10. Nxd4 Qc7 11. Be3 Rc8 12. f4 Qb8 13. Qe2 O-O 14. Rac1 Qa8
15. Bf2 a6 16. f5 e5 17. Nb3 g6 18. g4 gxf5 19. g5 Nxe4 20. Bh3 Nxg5 21. Bxf5
Nf3+ 22. Kf1 Nf6 23. Nd2 Kh8 24. Nde4 Nxe4 25. Nxe4 Bxe4 0-1

[Event "41. Torneo Internacional de La Roda"]
[Site "La Roda ESP"]
[Date "2014.04.18"]
[Round "4.16"]
[White "Rego, Pedro Filipe"]
[Black "Serna Lara, Sergio"]
[Result "1-0"]
[WhiteElo "2226"]
[BlackElo "2281"]
[PlyCount "71"]
[EventDate "2014.04.16"]
[EventType "swiss"]
[EventRounds "9"]
[EventCountry "ESP"]
[Source "lmi"]
[SourceDate "2014.04.16"]

1. c4 e5 2. g3 Nf6 3. Bg2 c6 4. d4 e4 5. Nc3 Bb4 6. Bg5 d5 7. cxd5 cxd5 8. f3
Nbd7 9. fxe4 dxe4 10. Bxf6 Bxc3+ 11. bxc3 Nxf6 12. e3 Be6 13. Ne2 O-O 14. O-O
Ng4 15. Qd2 f5 16. Nf4 Bc4 17. Rfb1 g5 18. Nh3 Rf7 19. Rb4 Rc8 20. Bf1 Ne5 21.
Nxg5 Rfc7 22. Qf2 Qxg5 23. dxe5 Be6 24. c4 b6 25. Rd1 Rc5 26. Qf4 Qg7 27. Rb5
h6 28. Rd6 Rxb5 29. cxb5 Bxa2 30. Qxf5 Rf8 31. Qxe4 Bf7 32. Bd3 Re8 33. Rf6 Rd8
34. Bc4 Bxc4 35. Rg6 Rd1+ 36. Kf2 1-0

[Event "41. Torneo Internacional de La Roda"]
[Site "La Roda ESP"]
[Date "2014.04.18"]
[Round "4.17"]
[White "Silva, Miguel Antonio Neto"]
[Black "Nicolas Zapata, Irene"]
[Result "1/2-1/2"]
[WhiteElo "2147"]
[BlackElo "2267"]
[PlyCount "152"]
[EventDate "2014.04.16"]
[EventType "swiss"]
[EventRounds "9"]
[EventCountry "ESP"]
[Source "lmi"]
[SourceDate "2014.04.16"]

1. d4 Nf6 2. Nf3 b6 3. g3 Bb7 4. Bg2 c5 5. c4 cxd4 6. O-O Nc6 7. Nxd4 Rc8 8.
Nc3 g6 9. b3 Bg7 10. Bb2 O-O 11. Nxc6 Bxc6 12. Bxc6 Rxc6 13. Nd5 Nxd5 14. Bxg7
Ne3 15. Qd3 Nxf1 16. Bxf8 Rd6 17. Qc3 Qxf8 18. Rxf1 Qg7 19. Qf3 Qb2 20. Qe4 Re6
21. Qa8+ Kg7 22. Qxa7 Qxe2 23. Qxd7 Qxa2 24. Qd4+ f6 25. b4 Qc2 26. Qd5 Re4 27.
Qb7 Qxc4 28. Qxb6 Qxb4 29. Qd8 Qd4 30. Qe8 Re2 31. Qb5 Qe5 32. Qb4 g5 33. Qg4
Qe4 34. Qh5 Rd2 35. Qe8 Qe2 36. Qa4 h5 37. h4 gxh4 38. Qxh4 Qg4 39. Qxg4+ hxg4
40. Re1 Kf7 41. Kf1 f5 42. Re5 Kf6 43. Ra5 e6 44. Ke1 Rd5 45. Ra6 Ke5 46. Ke2
Rd6 47. Ra4 Rd4 48. Ra6 Re4+ 49. Kd3 Kf6 50. Rb6 Re5 51. Rb7 Ra5 52. Rb6 Ra3+
53. Ke2 Rf3 54. Ra6 f4 55. gxf4 Rxf4 56. Ra8 Rf5 57. Rg8 Rg5 58. Rf8+ Ke5 59.
f4+ gxf3+ 60. Rxf3 Rg2+ 61. Kf1 Rh2 62. Rb3 Kf5 63. Ke1 e5 64. Rc3 Ke4 65. Rb3
Kf4 66. Rc3 e4 67. Rb3 Rh1+ 68. Ke2 Rg1 69. Ra3 Rg2+ 70. Kf1 Rd2 71. Ke1 Rd3
72. Rxd3 exd3 73. Kd2 Ke4 74. Kd1 Ke3 75. Ke1 d2+ 76. Kd1 Kd3 1/2-1/2

[Event "41. Torneo Internacional de La Roda"]
[Site "La Roda ESP"]
[Date "2014.04.18"]
[Round "4.18"]
[White "Santos, Antonio P"]
[Black "Gonzalez Santamartina, Jorge"]
[Result "1-0"]
[WhiteElo "2235"]
[BlackElo "1924"]
[PlyCount "115"]
[EventDate "2014.04.16"]
[EventType "swiss"]
[EventRounds "9"]
[EventCountry "ESP"]
[Source "lmi"]
[SourceDate "2014.04.16"]

1. d4 d5 2. c4 e6 3. Nf3 Nf6 4. g3 c5 5. Bg2 Nc6 6. O-O cxd4 7. Nxd4 Bc5 8. Nb3
Be7 9. cxd5 Nxd5 10. Nc3 Nxc3 11. bxc3 O-O 12. Be3 Qc7 13. Nd4 Bf6 14. Rb1 Rd8
15. Qa4 Nxd4 16. cxd4 Bd7 17. Qb4 Bc6 18. Rfc1 Qd7 19. Bxc6 bxc6 20. Rc4 h6 21.
Qa4 Rac8 22. Rbc1 Qb7 23. Rb4 Qc7 24. Qa6 Rd7 25. Rbc4 Qb7 26. Qxb7 Rxb7 27.
Rxc6 Rd8 28. Rc8 Rxc8 29. Rxc8+ Kh7 30. Rc2 Kg6 31. Kg2 a5 32. Kf3 Rb4 33. Bd2
Rxd4 34. Bxa5 Ra4 35. Bd2 e5 36. e4 Be7 37. Rc6+ f6 38. Rc2 Bd6 39. Be3 Be7 40.
Rc7 Bd6 41. Ra7 Rc4 42. a4 Ba3 43. g4 Bc1 44. h4 h5 45. gxh5+ Kxh5 46. Bb6 Bb2
47. a5 Bd4 48. Rxg7 Bxb6 49. axb6 Rc3+ 50. Kg2 Kxh4 51. Rg3 Rc8 52. b7 Rb8 53.
Rb3 Kg4 54. f3+ Kf4 55. Kf2 Kg5 56. Rb6 f5 57. exf5 Kxf5 58. Ke3 1-0

[Event "41. Torneo Internacional de La Roda"]
[Site "La Roda ESP"]
[Date "2014.04.18"]
[Round "4.19"]
[White "Donado-Mazarron Gomez, Miguel"]
[Black "Gonzalez Trigal, Jose Luis"]
[Result "0-1"]
[WhiteElo "2101"]
[BlackElo "2231"]
[PlyCount "68"]
[EventDate "2014.04.16"]
[EventType "swiss"]
[EventRounds "9"]
[EventCountry "ESP"]
[Source "lmi"]
[SourceDate "2014.04.16"]

1. e4 c5 2. Nf3 d6 3. d4 cxd4 4. Nxd4 Nf6 5. Nc3 a6 6. Nb3 e6 7. f4 Qc7 8. Bd3
b5 9. a4 b4 10. Nb1 Bb7 11. N1d2 Nbd7 12. Qe2 Be7 13. Nc4 d5 14. exd5 Bxd5 15.
Ne5 Nxe5 16. fxe5 Nd7 17. Bf4 Bh4+ 18. g3 Bxh1 19. gxh4 Qc6 20. Na5 Qc5 21. Nb3
Qd5 22. Nd2 Nc5 23. Bc4 Qd4 24. Qe3 Qxe3+ 25. Bxe3 Nd7 26. O-O-O Bc6 27. Bd4
Bxa4 28. Ne4 O-O 29. Nd6 Bc6 30. Rg1 a5 31. Bd3 a4 32. Ne4 Ra5 33. Kd2 Bxe4 34.
Bxe4 Nxe5 0-1

[Event "41. Torneo Internacional de La Roda"]
[Site "La Roda ESP"]
[Date "2014.04.18"]
[Round "4.20"]
[White "Camarena Gimenez, Rufino"]
[Black "Alcoba, Pablo Alejandro"]
[Result "1-0"]
[WhiteElo "2359"]
[BlackElo "2116"]
[PlyCount "118"]
[EventDate "2014.04.16"]
[EventType "swiss"]
[EventRounds "9"]
[EventCountry "ESP"]
[Source "lmi"]
[SourceDate "2014.04.16"]

1. d4 d5 2. c4 e6 3. Nc3 Nf6 4. Bg5 Be7 5. e3 c6 6. Nf3 Nbd7 7. Rc1 O-O 8. Bd3
dxc4 9. Bxc4 Nd5 10. Bxe7 Qxe7 11. O-O Nxc3 12. Rxc3 h6 13. Bb3 Rd8 14. Qc2 Nf8
15. Rd1 Bd7 16. a3 Be8 17. Ba2 f6 18. e4 Bf7 19. e5 f5 20. Ne1 Rd7 21. Rcd3 Kh7
22. Qc5 Qd8 23. b4 Ng6 24. g3 Ne7 25. Ng2 g5 26. Ne3 Qg8 27. b5 b6 28. Qb4 Rad8
29. bxc6 Nxc6 30. Qc3 Ne7 31. Bc4 Bh5 32. R1d2 f4 33. Nd1 Bg6 34. Qb3 Bf5 35.
Bb5 Rc7 36. Rc3 Rxc3 37. Nxc3 Ng6 38. Rd1 Qg7 39. Be2 g4 40. Nb5 Ne7 41. Nd6 f3
42. Bc4 Qg6 43. Rc1 Qg5 44. Qe3 Qg6 45. Bb3 Rg8 46. Rc7 Rg7 47. Rxa7 Bc2 48.
Bxc2 Qxc2 49. Qe4+ Qxe4 50. Nxe4 Kg6 51. h3 h5 52. hxg4 hxg4 53. Nf6 Kg5 54. d5
exd5 55. Nxd5 Nf5 56. Rxg7+ Nxg7 57. Nxb6 Kf5 58. Nc4 Ke4 59. a4 Nf5 1-0

[Event "41. Torneo Internacional de La Roda"]
[Site "La Roda ESP"]
[Date "2014.04.18"]
[Round "5.1"]
[White "Plaskett, H James"]
[Black "Peralta, Fernando"]
[Result "1/2-1/2"]
[WhiteElo "2496"]
[BlackElo "2615"]
[PlyCount "44"]
[EventDate "2014.04.16"]
[EventType "swiss"]
[EventRounds "9"]
[EventCountry "ESP"]
[Source "lmi"]
[SourceDate "2014.04.16"]

1. e4 c6 2. d4 d5 3. exd5 cxd5 4. c4 Nf6 5. Nc3 e6 6. Nf3 Bb4 7. Bd3 dxc4 8.
Bxc4 O-O 9. O-O b6 10. Bg5 Bb7 11. Rc1 Nbd7 12. Qe2 Bxc3 13. Rxc3 Qb8 14. Bh4
Qf4 15. Bg3 Qe4 16. Re3 Qc6 17. d5 Nxd5 18. Bxd5 Qxd5 19. Rd1 Qc6 20. Rd6 Qc1+
21. Rd1 Qc6 22. Rd6 Qc1+ 1/2-1/2

[Event "41. Torneo Internacional de La Roda"]
[Site "La Roda ESP"]
[Date "2014.04.18"]
[Round "5.2"]
[White "Perez Candelario, Manuel"]
[Black "Arribas Lopez, Angel"]
[Result "1-0"]
[WhiteElo "2561"]
[BlackElo "2476"]
[PlyCount "95"]
[EventDate "2014.04.16"]
[EventType "swiss"]
[EventRounds "9"]
[EventCountry "ESP"]
[Source "lmi"]
[SourceDate "2014.04.16"]

1. e4 e6 2. d4 d5 3. Nd2 Nf6 4. e5 Nfd7 5. f4 c5 6. Ngf3 Nc6 7. Nb3 a5 8. Be3
a4 9. Nxc5 Nxc5 10. dxc5 a3 11. b3 Qa5+ 12. Qd2 Bxc5 13. Qxa5 Rxa5 14. Bxc5
Rxc5 15. Kd2 b5 16. c3 b4 17. Rc1 f6 18. Bd3 Kd8 19. cxb4 Rxc1 20. Rxc1 Nxb4
21. Bb1 Bd7 22. Ke3 Rf8 23. g3 h6 24. Rc5 g5 25. Ra5 fxe5 26. Nxe5 gxf4+ 27.
gxf4 d4+ 28. Kxd4 Rxf4+ 29. Kc5 Bc8 30. Ra4 Na6+ 31. Kd6 Rf1 32. Bd3 Rd1 33.
Rd4 Bb7 34. Kxe6+ Kc8 35. Kd6 Kb8 36. b4 Rd2 37. b5 Nc7 38. Nc6+ Bxc6 39. Kxc6
Nxb5 40. Rd8+ Ka7 41. Kxb5 Rb2+ 42. Kc5 Kb7 43. Bc4 Rxh2 44. Rd3 h5 45. Rxa3 h4
46. Bd5+ Kc7 47. Ra7+ Kb8 48. Rh7 1-0

[Event "41. Torneo Internacional de La Roda"]
[Site "La Roda ESP"]
[Date "2014.04.18"]
[Round "5.3"]
[White "Buscara, Sevan"]
[Black "Burmakin, Vladimir"]
[Result "1/2-1/2"]
[WhiteElo "2345"]
[BlackElo "2561"]
[PlyCount "45"]
[EventDate "2014.04.16"]
[EventType "swiss"]
[EventRounds "9"]
[EventCountry "ESP"]
[Source "lmi"]
[SourceDate "2014.04.16"]

1. c4 e6 2. Nf3 d5 3. g3 c6 4. Qc2 Nd7 5. Bg2 Ngf6 6. O-O e5 7. d3 Bd6 8. cxd5
cxd5 9. Nc3 O-O 10. Nh4 d4 11. Nb5 Bb8 12. Bd2 a6 13. Na3 Ra7 14. Nc4 Re8 15.
Rfe1 b6 16. a4 Bb7 17. Bxb7 Rxb7 18. Nf5 Re6 19. Qd1 Nd5 20. Kf1 Nc5 21. Ra3
Rc7 22. Qc2 a5 23. h4 1/2-1/2

[Event "41. Torneo Internacional de La Roda"]
[Site "La Roda ESP"]
[Date "2014.04.18"]
[Round "5.4"]
[White "Forcen Esteban, Daniel"]
[Black "Valmana Canto, Jaime"]
[Result "1-0"]
[WhiteElo "2498"]
[BlackElo "2310"]
[PlyCount "41"]
[EventDate "2014.04.16"]
[EventType "swiss"]
[EventRounds "9"]
[EventCountry "ESP"]
[Source "lmi"]
[SourceDate "2014.04.16"]

1. d4 Nf6 2. Nf3 e6 3. e3 b6 4. Bd3 Bb7 5. O-O Ne4 6. Ne5 Bd6 7. f3 Nc5 8. Nxf7
Kxf7 9. dxc5 Bxc5 10. f4 Qh4 11. Kh1 Rf8 12. Nd2 Kg8 13. Nf3 Bxf3 14. Rxf3 g6
15. Bd2 Nc6 16. Bc3 Qg4 17. f5 exf5 18. Bxf5 Rxf5 19. Qxd7 Ne7 20. Qe6+ Kf8 21.
e4 1-0

[Event "41. Torneo Internacional de La Roda"]
[Site "La Roda ESP"]
[Date "2014.04.18"]
[Round "5.5"]
[White "Matamoros Franco, Carlos S"]
[Black "Santos, Antonio P"]
[Result "1-0"]
[WhiteElo "2537"]
[BlackElo "2235"]
[PlyCount "79"]
[EventDate "2014.04.16"]
[EventType "swiss"]
[EventRounds "9"]
[EventCountry "ESP"]
[Source "lmi"]
[SourceDate "2014.04.16"]

1. c4 c5 2. Nf3 Nf6 3. g3 b6 4. Bg2 Bb7 5. O-O e6 6. Nc3 Be7 7. Re1 O-O 8. e4
d6 9. d4 cxd4 10. Nxd4 a6 11. e5 dxe5 12. Bxb7 exd4 13. Bxa8 dxc3 14. Qxd8 Rxd8
15. bxc3 Nbd7 16. Bg2 Rc8 17. Bf1 Bc5 18. Be3 Kf8 19. Bd4 Ke7 20. f4 Ne8 21.
Kg2 g6 22. g4 Nd6 23. Bd3 Bxd4 24. cxd4 Nxc4 25. d5 b5 26. dxe6 fxe6 27. Rac1
Rc5 28. Kg3 Ndb6 29. f5 gxf5 30. Bxf5 e5 31. Bxh7 Kf6 32. Be4 Rc7 33. h4 Rd7
34. g5+ Ke6 35. h5 Nd5 36. Rcd1 Ncb6 37. h6 Rd8 38. h7 Rf8 39. Bxd5+ Nxd5 40.
Rxd5 1-0

[Event "41. Torneo Internacional de La Roda"]
[Site "La Roda ESP"]
[Date "2014.04.18"]
[Round "5.6"]
[White "Maiorov, Nikita"]
[Black "Dias, Paulo"]
[Result "1/2-1/2"]
[WhiteElo "2522"]
[BlackElo "2401"]
[PlyCount "75"]
[EventDate "2014.04.16"]
[EventType "swiss"]
[EventRounds "9"]
[EventCountry "ESP"]
[Source "lmi"]
[SourceDate "2014.04.16"]

1. d4 Nf6 2. c4 e6 3. Nc3 Bb4 4. Qc2 O-O 5. a3 Bxc3+ 6. Qxc3 b6 7. Bg5 Bb7 8.
e3 d6 9. Nf3 Nbd7 10. Nd2 Rc8 11. f3 c5 12. Bh4 d5 13. dxc5 Rxc5 14. b4 Rc8 15.
Qb2 dxc4 16. Bxc4 b5 17. Be2 Qb6 18. e4 Nh5 19. Bf2 Qc6 20. Be3 a6 21. O-O Qc3
22. Qxc3 Rxc3 23. Kf2 f5 24. exf5 exf5 25. Rfd1 Re8 26. Nf1 Ndf6 27. Bd3 g6 28.
Bd4 Rc7 29. Ne3 Nd5 30. Nxd5 Bxd5 31. Bc5 Bb3 32. Re1 Rxe1 33. Rxe1 Nf4 34. Bf1
Kf7 35. Re3 Bd5 36. Re5 Bc4 37. g3 Bxf1 38. gxf4 1/2-1/2

[Event "41. Torneo Internacional de La Roda"]
[Site "La Roda ESP"]
[Date "2014.04.18"]
[Round "5.7"]
[White "Suba, Mihai"]
[Black "Del Rio De Angelis, Salvador G"]
[Result "0-1"]
[WhiteElo "2401"]
[BlackElo "2507"]
[PlyCount "64"]
[EventDate "2014.04.16"]
[EventType "swiss"]
[EventRounds "9"]
[EventCountry "ESP"]
[Source "lmi"]
[SourceDate "2014.04.16"]

1. Nf3 d6 2. d4 g6 3. e4 Nf6 4. Nbd2 Bg7 5. c3 O-O 6. Be2 Nbd7 7. O-O e5 8.
dxe5 dxe5 9. Qc2 b6 10. Re1 Bb7 11. Bf1 Qe7 12. a4 a6 13. Nb3 h6 14. Nfd2 Nh5
15. g3 f5 16. exf5 gxf5 17. Nd4 Qf6 18. Bc4+ Kh8 19. Ne6 Rfe8 20. Nxg7 Qc6 21.
f3 Nxg7 22. Bf1 e4 23. Bg2 Qc5+ 24. Kh1 exf3 25. Nxf3 Bxf3 26. Rxe8+ Rxe8 27.
Bxf3 Re1+ 28. Kg2 Ne5 29. Be2 Qg1+ 30. Kh3 Qf2 31. Bd3 Nxd3 32. Qxd3 Rh1 0-1

[Event "41. Torneo Internacional de La Roda"]
[Site "La Roda ESP"]
[Date "2014.04.18"]
[Round "5.8"]
[White "Navarro Ortiz De Orruno, Borja"]
[Black "Paunovic, Dragan"]
[Result "1/2-1/2"]
[WhiteElo "2342"]
[BlackElo "2497"]
[PlyCount "39"]
[EventDate "2014.04.16"]
[EventType "swiss"]
[EventRounds "9"]
[EventCountry "ESP"]
[Source "lmi"]
[SourceDate "2014.04.16"]

1. d4 g6 2. Nf3 Bg7 3. g3 Nf6 4. Bg2 O-O 5. c4 d5 6. O-O c6 7. cxd5 cxd5 8. Ne5
Ng4 9. Nxg4 Bxg4 10. Nc3 Nc6 11. h3 Bd7 12. e3 e6 13. Bd2 Rc8 14. Rc1 Qc7 15.
h4 Qb8 16. Ne2 b6 17. Nf4 Na5 18. Bxa5 bxa5 19. Qd2 Qb6 20. Rxc8 1/2-1/2

[Event "41. Torneo Internacional de La Roda"]
[Site "La Roda ESP"]
[Date "2014.04.18"]
[Round "5.9"]
[White "Gonzalez Trigal, Jose Luis"]
[Black "Antoli Royo, Joaquin Miguel"]
[Result "1-0"]
[WhiteElo "2231"]
[BlackElo "2410"]
[PlyCount "119"]
[EventDate "2014.04.16"]
[EventType "swiss"]
[EventRounds "9"]
[EventCountry "ESP"]
[Source "lmi"]
[SourceDate "2014.04.16"]

1. d4 Nf6 2. c4 c5 3. d5 e5 4. Nc3 d6 5. g3 Be7 6. Bg2 Nbd7 7. e4 h5 8. Nf3 Nf8
9. h3 Ng6 10. Be3 Bd7 11. Qd2 a6 12. a4 Qa5 13. Ra3 Qb4 14. Bf1 O-O 15. Na2 Qb6
16. Bd3 Qc7 17. a5 Nh7 18. b4 Qc8 19. h4 cxb4 20. Qxb4 f5 21. exf5 Bxf5 22.
Bxf5 Qxf5 23. Nd2 Nf6 24. Nc3 e4 25. Qb1 Ne5 26. Ncxe4 Nxe4 27. Qxe4 Qxe4 28.
Nxe4 Nxc4 29. Ra4 Nxe3 30. fxe3 Rac8 31. Kd2 Rf5 32. Rd4 Bd8 33. Nxd6 Rf2+ 34.
Kd3 Rcc2 35. Ne4 Rg2 36. Ra1 Rb2 37. Rc4 Kf7 38. Rf1+ Ke8 39. Rc5 Ra2 40. Nd6+
Kd7 41. Nxb7 Bf6 42. Rfc1 Be5 43. d6 Bxd6 44. Nxd6 Rgd2+ 45. Ke4 Rxd6 46. Rxh5
Re6+ 47. Kf3 Ra3 48. Re1 Ke7 49. Rg5 Kf7 50. Kf4 Rf6+ 51. Kg4 Re6 52. e4 Ra4
53. Kf3 Rf6+ 54. Kg2 Re6 55. Rc5 Ra3 56. e5 Kg6 57. Rd1 Re3 58. Kf2 Re4 59. Kf3
Kf5 60. Rd6 1-0

[Event "41. Torneo Internacional de La Roda"]
[Site "La Roda ESP"]
[Date "2014.04.18"]
[Round "5.10"]
[White "Strikovic, Aleksa"]
[Black "Rego, Pedro Filipe"]
[Result "1-0"]
[WhiteElo "2533"]
[BlackElo "2226"]
[PlyCount "61"]
[EventDate "2014.04.16"]
[EventType "swiss"]
[EventRounds "9"]
[EventCountry "ESP"]
[Source "lmi"]
[SourceDate "2014.04.16"]

1. e4 e5 2. Nf3 Nc6 3. d4 exd4 4. Nxd4 Bc5 5. Be3 Qf6 6. c3 Nge7 7. Bc4 Ne5 8.
Be2 Qg6 9. O-O Bb6 10. Nd2 d6 11. Bh5 Qf6 12. f4 N5c6 13. Nc4 Nxd4 14. Nxb6
axb6 15. cxd4 d5 16. e5 Qe6 17. Bf3 O-O 18. Qb3 Bd7 19. f5 Nxf5 20. Bxd5 Qe7
21. Bxb7 Nxe3 22. Qxe3 Ra5 23. Be4 Be6 24. a3 Rd8 25. b4 Ra7 26. Qd3 c5 27.
bxc5 bxc5 28. d5 Bxd5 29. Bxd5 Rad7 30. Rxf7 Rxd5 31. Qxd5 1-0

[Event "41. Torneo Internacional de La Roda"]
[Site "La Roda ESP"]
[Date "2014.04.18"]
[Round "5.11"]
[White "Campora, Daniel H"]
[Black "Sanchez Jerez, Emilio Miguel"]
[Result "0-1"]
[WhiteElo "2458"]
[BlackElo "2213"]
[PlyCount "55"]
[EventDate "2014.04.16"]
[EventType "swiss"]
[EventRounds "9"]
[EventCountry "ESP"]
[Source "lmi"]
[SourceDate "2014.04.16"]

1. e4 e6 2. d4 d5 3. Nc3 Nc6 4. Nf3 Nf6 5. Bg5 Be7 6. Bxf6 Bxf6 7. Bb5 O-O 8.
O-O Na5 9. Re1 a6 10. Bd3 Nc6 11. e5 Be7 12. a3 f6 13. b4 fxe5 14. dxe5 Bd7 15.
Nb1 a5 16. b5 Na7 17. a4 c6 18. bxc6 Nxc6 19. c3 Bc5 20. Nbd2 Qe7 21. Rf1 Rf4
22. g3 Rf7 23. h4 Raf8 24. Kh1 g6 25. Rb1 b6 26. Qe2 Na7 27. Nd4 Bxa4 28. f4
0-1